Football - Clubs de foot situés à Londres - Mort Subite - Statistiques

Statistiques générales
  • Ce quiz a été pris 440 fois
  • Le résultat moyen est 6 sur 14
Answers on the Grid
Answers color-coded by a green-red scale on the quiz's grid according to % correct below.
Chelsea FC
Tottenham
Brentford
Arsenal
Salford
AFC Wimbledon
Queens Park Rangers
Liverpool
Newcastle
Brighton
Fulham
Crystal Palace
AFC Bournemouth
Watford
Leeds United
Manchester City
Manchester United
Sunderland
West Ham United
Millwall FC
Charlton Athletic
Leyton Orient
Everton
Blackburn
Portsmouth
Hull City
Luton Town
Sutton United
Wolves
Leicester City
Southampton FC
Aston Villa
 
Statistiques - réponses
Réponse % Correct
Chelsea FC
98%
Arsenal
95%
Tottenham
91%
Crystal Palace
55%
Fulham
53%
West Ham United
46%
Brentford
35%
Queens Park Rangers
35%
AFC Wimbledon
29%
Millwall FC
21%
Charlton Athletic
19%
Watford
16%
Leyton Orient
12%
Sutton United
10%
Aucun quiz correspondant
Distribution des résultats
% des personnes avec chaque résultat
Percentile par nombre de réponses
Votre historique - résultats
Vous n’avez pas pris ce quiz